000 00682nam a2200241Ia 4500
003 OSt
005 20220918175129.0
006 a|||||r|||| 00| 0
007 ta
008 220917b |||||||| |||| 00| 0 eng d
024 _a15,827
037 _cTextual
040 _aARTS
_cARTS
_beng
041 _2eng
_aeng
082 _aO111:g(P:75), N5
100 _aGelley Alexander ed
_953017
245 0 _aUnruly examples
_b On the rhetoric of exemplarity
260 _aCalifornia
_bStanford Univ Press
_c1995
300 _aix,376p.
_ccm.
650 _aENGLISH LITERATURE
942 _hO111:g(P:75), N5
_cTEXL
_2CC
999 _c156223
_d156223